• 首页
  • 本馆介绍
  • 公告通知
  • 最新文献
  • 馆藏检索
  • 电子资源
  • 读者导购
  • 参考咨询
  • 我的图书馆
  • 登录
  • 详细信息显示
  • 放入我的书架
  • 预约/预借图书
  • 作者相关作品
  • 分类相关作品
  • 丛书相关作品
  • 出版社相关作品

书目信息

  • 表格格式
  • 工作单格式
  • 卡片格式
题名:
消费者权益保护法立法背景与观点全集
    
 
作者: ;全国人大常委会 编
分册:  
出版信息: 北京   法律出版社  2013
页数: 392页
开本: 23cm
丛书名:
单 册:
中图分类: D922.294.4
科图分类:
主题词: 消费者权益保护法--研究--中国 , 消费者权益保护法
电子资源:
ISBN: 978-7-5118-5652-4
000 01350nam0 2200253 450
001 523
005 20140908081802.03
010    @a978-7-5118-5652-4@dCNY62.00
100    @a20140106d2013 em y0chiy50 ea
101 0  @achi
102    @aCN@b110000
105    @ay z 000yy
106    @ar
200 1  @a消费者权益保护法立法背景与观点全集@AXiao Fei Zhe Quan Yi Bao Hu Fa Li Fa Bei Jing Yu Guan Dian Quan Ji@dLegislation background and point on protection of consumer rights and interests@f全国人大常委会法制工作委员会民法室编@FQuan Guo Ren Da Chang Wei Hui Fa Zhi Gong Zuo Wei Yuan Hui Min Fa Shi Bian@zeng
210    @a北京@c法律出版社@d2013
215    @a392页@d23cm
330    @a本书汇集了消费者权益保护法研究、起草过程中整理收集的重要资料。包括消费者权益保护法的立法背景、制定过程中的有关情况和主要意见,涵盖惩罚性赔偿制度、个人信息保护与隐私权、网络购物中第三方网络交易平台提供者责任和无条件退货制度、虚假广告民事责任,以及世界各国家和地区消费者权益保护法立法情况等重要内容。
510 1  @aLegislation background and point on protection of consumer rights and interests@zeng
606 0  @a消费者权益保护法@x研究@y中国
606 0  @a消费者权益保护法
690    @aD922.294.4@v5
711 02 @a全国人大常委会@AQuan Guo Ren Da Chang Wei Hui@b法制工作委员会@b民法室@4编
801  0 @aCN@bTANGWEI@c20140603
905    @b0841667-69@dD922.294.4@e1130@f3
    
    消费者权益保护法立法背景与观点全集=Legislation background and point on protection of consumer rights and interests/全国人大常委会法制工作委员会民法室编.-北京:法律出版社,2013
    392页;23cm
    
    
    ISBN 978-7-5118-5652-4:CNY62.00
    本书汇集了消费者权益保护法研究、起草过程中整理收集的重要资料。包括消费者权益保护法的立法背景、制定过程中的有关情况和主要意见,涵盖惩罚性赔偿制度、个人信息保护与隐私权、网络购物中第三方网络交易平台提供者责任和无条件退货制度、虚假广告民事责任,以及世界各国家和地区消费者权益保护法立法情况等重要内容。
●
相关链接 在E读中查询图书 在五车中查询图书 在当当中查询图书 在豆瓣中查询图书


正题名:消费者权益保护法立法背景与观点全集     索取号:D922.294.4/1130         预约/预借

序号 登录号 条形码 馆藏地/架位号 状态 备注
1 0841667   208416677   第一样本阅览室/ [索取号:D922.294.4/1130] 在馆    
2 0841668   208416686   密集书库-史法系/ [索取号:D922.294.4/1130] 在馆    
3 0841669   208416695   第一借阅区/ [索取号:D922.294.4/1130] 在馆    
唐山师范学院图书馆 欢迎您!
大连网信软件有限公司© 版权所有